01044nam a2200229 a 450000100100000000500170001000800410002704000250006808200240009311001090011724500560022626000700028230000240035259000260037665000460040265100740044865000530052265000620057591000380063795201220067599900170079700002159020200930011358.0100909s1981 dr ad r 000 0 spa d aDO-SdBNPbspacBNPHU a352.48bR426i, 19811 aRepública DominicanabSecretariado Técnico de la PresidenciabOficina Nacional de Presupuesto93226610aInforme de ejecución presupuestaria año 1981 /. aSanto Domingo :bSecretariado Técnico de la Presidencia,c1981. av. :bil. ;c28 cm. aInventariado, 2018/BT 4aPresupuestozRepública Dominicana97940 4aRepública DominicanaxGastos Presupuestados Públicosy1981944956 4aHacienda públicazRepública Dominicana96562 4aPresupuestoxLegislaciónzRepública Dominicana933735 aValidado. Control de calidad. MFF 0010718PDaPDbPDcHDd2010-09-09iLF1l0o352.48 R426i, 1981p21590-10r2020-06-25w2020-06-25yLFPDZNo se presta c21089d21089